000 01001nam a2200229 i 4500
001 13724
003 ES-MaACL
005 20230906150642.0
007 t|
008 980610s1998 sp a |||| | spa d
080 _a929:821.134.2"18/19"(064.3)
245 0 0 _aIconografía de las letras y el pensamiento españoles en torno al noventa y ocho [exposición] /
_cCentro de Estudios y Actividades Culturales de la Consejería de Educación y Cultura de la Comunidad de Madrid.
260 _a[Madrid] :
_bCentro de Estudios y Actividades Culturales,
_c[1998]
300 _a63 p. :
_bil. ;
_c28 cm.
650 4 _aGeneración del 98 (Literatura)-
_vExposiciones.
_9167922
655 7 _2tgfbne
_9193628
_aCatálogos de exposiciones
710 1 _aMadrid (Comunidad Autónoma).
_bCentro de Estudios y Actividades Culturales.
_95590
740 0 2 _aIconografía de las letras y el pensamiento españoles en torno al 98.
852 _aES-MaACL
_jL-21021
942 _2udc
999 _c13724
_d13724